British Waterways Board v London Power Networks plc and another (Record no. 72120)
[ view plain ]
| 000 -LEADER | |
|---|---|
| fixed length control field | 01794cam a2200217 4500 |
| 001 - CONTROL NUMBER | |
| control field | ABS66402 |
| 008 - FIXED-LENGTH DATA ELEMENTS--GENERAL INFORMATION | |
| fixed length control field | 030218n2003 000 0 eng u |
| 035 ## - SYSTEM CONTROL NUMBER | |
| System control number | (Sirsi) u121361 |
| 245 ## - TITLE STATEMENT | |
| Title | British Waterways Board v London Power Networks plc and another |
| 260 ## - PUBLICATION, DISTRIBUTION, ETC. | |
| Date of publication, distribution, etc. | 2003 |
| 490 ## - SERIES STATEMENT | |
| Series statement | Estates Gazette |
| Volume/sequential designation | [2003] 04 EG 153-155(3) |
| 520 ## - SUMMARY, ETC. | |
| Summary, etc. | [2002] EWHC 2417 (Ch), 15 November 2002. Examined the interpretation of the word 'land' as used in the Electricity Act 1989 Sched 4 para 6. The first defendant (L), as a licence holder under the 1989 Act, applied for a wayleave to install additional cables in a service tunnel that ran under a cutting between two docks owned by the claimant (B). B refused so L applied to the second defendant SoS Trade for a compulsory conferment of wayleave as under the Electricity Act 1989 Sched 4 para 6(3). This allows a licence holder to be granted a wayleave to install and keep installed an electricity line on, under or over any 'land'. B disputed that 'land' could not have its normal meaning as in the Interpretation Act 1978 s5 and Sched 1 and that consequently the service tunnel was not 'land' and a wayleave could not be granted in respect of it. "Held": the SoS held the power to grant the wayleave through the service tunnel, in accordance with the Electricity Act 1989 Sched 4. Compensation would be decided by the LT. Therefore the service tunnel could be considered as 'land'. |
| 590 ## - LOCAL NOTE (RLIN) | |
| Local note | ABS |
| 650 ## - SUBJECT ADDED ENTRY--TOPICAL TERM | |
| Topical term or geographic name entry element | BRITISH WATERWAYS BOARD V LONDON POWER NETWORKS PLC AND ANOTHER |
| 650 ## - SUBJECT ADDED ENTRY--TOPICAL TERM | |
| Topical term or geographic name entry element | ELECTRICITY WAYLEAVES |
| 650 ## - SUBJECT ADDED ENTRY--TOPICAL TERM | |
| Topical term or geographic name entry element | INTERPRETATION ACT 1978 |
| 650 ## - SUBJECT ADDED ENTRY--TOPICAL TERM | |
| Topical term or geographic name entry element | ELECTRICITY ACT 1989 |
| 690 ## - LOCAL SUBJECT ADDED ENTRY--TOPICAL TERM (OCLC, RLIN) | |
| Topical term or geographic name as entry element | Boundary disputes |
| 9 (RLIN) | 6221 |
| 856 ## - ELECTRONIC LOCATION AND ACCESS | |
| Uniform Resource Identifier | <a href="https://www.bailii.org/ew/cases/EWHC/Ch/2002/2417.htmlzView this item at www.bailii.org">https://www.bailii.org/ew/cases/EWHC/Ch/2002/2417.htmlzView this item at www.bailii.org</a> |
| 942 ## - ADDED ENTRY ELEMENTS (KOHA) | |
| Suppress in OPAC | 0 |
| Withdrawn status | Lost status | Source of classification or shelving scheme | Damaged status | Not for loan | Home library | Current library | Shelving location | Date acquired | Total Checkouts | Full call number | Barcode | Date last seen | Copy number | Price effective from | Koha item type |
|---|---|---|---|---|---|---|---|---|---|---|---|---|---|---|---|
| Dewey Decimal Classification | Virtual | Virtual | Online | 19/02/2003 | ABS66402 | 121361-2001 | 06/08/2019 | 1 | 06/08/2019 | Law report |